| 000 | 00923cad a22002055a 4500 | ||
|---|---|---|---|
| 001 | L158932 | ||
| 008 | 120731s2012 xxkad f s 000 0 eng d | ||
| 035 | _a(Sirsi) u158932 | ||
| 041 | 0 | _aeng | |
| 110 | 2 |
_aRoyal Institution of Chartered Surveyors _bEconomics _95033 |
|
| 245 | 0 | 0 |
_aRICS UK commercial market survey _bQ2 2012 _h[electronic resource] |
| 260 |
_aLondon _bRICS _c2012 |
||
| 490 | 0 |
_aRICS Commercial Market Survey United Kingdom _vQ2 2012 |
|
| 520 | _aWeaker demand keeps rents under pressure. Occupier demand falls back modestly, while available space continues to rise. Rent expectations continue to decline although central London offices remain a notable exception. Demand from investors is largely unchanged, but capital value expectations weaken further. | ||
| 590 | _aKA | ||
| 650 | 2 | 4 | _aRICS COMMERCIAL MARKET SURVEY |
| 651 | 4 | _aUnited Kingdom | |
| 690 |
_aCommercial property _96227 |
||
| 942 | _n0 | ||
| 999 |
_c115593 _d115593 |
||